| 000 | 00629cam a2200253 4500 | ||
|---|---|---|---|
| 008 | 090401t1993 xxu||||| |||| 00| 0 eng d | ||
| 020 | _a014051239X | ||
| 035 | _a(Sirsi) u80188 | ||
| 041 | _aeng | ||
| 050 | _a690.03 | ||
| 100 | _aMaclean, James H. | ||
| 245 | 4 | _aThe Penguin dictionary of building. | |
| 250 | _a4th ed. | ||
| 260 |
_aLondon _bPenguin Books _c1993 |
||
| 300 | _ax,516p. : ill. ; 20cm. | ||
| 350 | _a8.99 | ||
| 650 | _aBUILT ENVIRONMENT | ||
| 650 | _aBUILT ENVIRONMENT | ||
| 650 | _aDICTIONARIES | ||
| 690 | _aBUILT ENVIRONMENT | ||
| 700 | _aScott, John S | ||
| 942 | _n0 | ||
| 948 | _c08/08/1997 | ||
| 999 |
_c96607 _d96607 |
||